| 000 | 00743nam a2200265 4500 | ||
|---|---|---|---|
| 001 | 2004 | ||
| 010 | _a9789720055392 | ||
| 021 |
_aPT _b545694/25 |
||
| 090 | _a2004 | ||
| 100 | _a20251121d2025 m||y0pory50030103ba | ||
| 101 | _apor | ||
| 102 | _aPT | ||
| 200 |
_aO meu nome é Emilia del Valle _fIsabel Allende _gtrad. Carla Ribeiro |
||
| 205 | _a1ª edição | ||
| 210 |
_aPorto _cPorto Editora _d2025 |
||
| 215 |
_a327 p. _d24 cm |
||
| 300 | _aBMB-Registado | ||
| 304 | _aTít. orig.: Mi nombre es Emilia del Valle | ||
| 606 |
_9859 _aLiteratura Chilena |
||
| 606 |
_9779 _aRomance |
||
| 675 |
_a821.134.2(83)-31 _vBMB _zpor |
||
| 700 |
_aAllende _bIsabel _f1942- _92878 |
||
| 702 |
_aRibeiro _bCarla _4730 _91189 |
||
| 801 |
_aPT _bBMB _gRPC |
||
| 990 | _cLIVROS | ||